000 00405nam a22001697a 4500
005 20160616122537.0
008 160616b xxu||||| |||| 00| 0 eng d
020 _a981-405-826-2
041 _aeng
082 _b7975
100 _aAmor. Daniel
_92104
245 _aThe E. Business ® Evolution
260 _aDelhi
_bpearson education
_c2000
300 _a618
650 _aManagement
_9241
942 _cBK
999 _c2944
_d2943